| 000 | 00000nam##2200000za#4500 |
| 001 | 9.575649 |
| 003 | CaOODSP |
| 005 | 20210624184750 |
| 007 | cr ||||||||||| |
| 008 | 150406|2008||||xxc|||||o f|0| 0 eng|d |
| 040 | |aCaOODSP|beng |
| 043 | |an-cn--- |
| 086 | 1 |aTU3-5/08-41E-PDF |
| 110 | 2 |aTransportation Safety Board of Canada. |
| 245 | 10|aAerodynamic stall – Impact with terrain, Wildlife Observation Services Inc. Cessna 337 C-GGDW Beaverlodge, Alberta, 15 nm W, 17 August 2008 |h[electronic resource] |
| 260 | |aGatineau - Quebec : |bTransportation Safety Board of Canada |c[2008]. |
| 300 | |a11p. |
| 490 | 1 |aAviation investigation report |vA08W0173 |
| 590 | |a13-02-Supp|b2013-01-11 |
| 775 | 08|tDécrochage aérodynamique et collision avec le relief du Cessna 337 C-GGDW exploité par Wildlife Observation Services Inc. à 15 nm à l'ouest de Beaverlodge (Alberta), le 17 août 2008 |w(CaOODSP)9.605143 |
| 830 | #0|aAviation investigation report ;|vA08W0173|w(CaOODSP)9.504825 |
| 856 | 40|ahttp://publications.gc.ca|qPDF|s158 KB|uhttps://publications.gc.ca/collections/collection_2012/bst-tsb/TU3-5-08-41-eng.pdf|yA08W0173 |